[Event "EU-ch U18 27th"]
[Site "Mamaia"]
[Date "2017.09.11"]
[Round "6"]
[White "Levitan, Tal"]
[Black "Theocharous, Mikis"]
[Result "1-0"]
[WhiteElo "2099"]
[BlackElo "1500"]
[PlyCount "75"]
[EventDate "2017.09.05"]
[EventType "swiss"]
[EventRounds "9"]
[EventCountry "ROU"]
[SourceTitle "EXT 2018"]
[Source "ChessBase"]
[SourceDate "2017.10.13"]
[SourceVersion "1"]
[SourceVersionDate "2017.10.13"]
[SourceQuality "1"]

1. e4 e5 2. Nf3 Nc6 3. Nc3 Nf6 4. Bb5 Bb4 5. 0-0 0-0 6. d3 d6 7. Ne2 Ne7 8. Ng3 Ng6 9. c3 Ba5 10. Ba4 h6 11. h3 c6 12. d4 Be6 13. Bc2 Bb6 14. Be3 Qc7 15. Re1 Rad8 16. Qd2 Kh7 17. Rad1 Rfe8 18. Qc1 Qb8 19. Nf5 Bxf5 20. exf5 Nf8 21. dxe5 dxe5 22. Rxd8 Bxd8 23. Bb3 Qc7 24. g4 Nd5 25. Qd2 Nxe3 26. Qxe3 e4 27. g5 Bxg5 28. Nxg5+ hxg5 29. Qxg5 Qe7 30. Qh5+ Kg8 31. Rxe4 Qd7 32. Rh4 Re1+ 33. Kg2 Nh7 34. Qxh7+ Kf8 35. Rd4 Qc7 36. Qh8+ Ke7 37. Qxg7 Ke8 38. Qg8+ 1-0

[Event "World ol U16"]
[Site "Poprad"]
[Date "2016.07.24"]
[Round "4.2"]
[White "Oh, Benjamin Yao Teng"]
[Black "Theocharous, Mikis"]
[Result "1-0"]
[WhiteElo "1687"]
[BlackElo "1604"]
[PlyCount "41"]
[EventDate "2016.07.22"]
[EventType "team-swiss"]
[EventRounds "9"]
[EventCountry "SVK"]
[SourceTitle "EXT 2017"]
[Source "ChessBase"]
[SourceDate "2016.10.25"]
[SourceVersion "1"]
[SourceVersionDate "2016.10.25"]
[SourceQuality "1"]
[WhiteTeam "Hong Kong"]
[BlackTeam "Cyprus"]
[WhiteTeamCountry "HKG"]
[BlackTeamCountry "CYP"]

1. e4 e5 2. Nf3 Nc6 3. Bc4 Bc5 4. b4 Bxb4 5. c3 Ba5 6. d4 d6 7. Qb3 Nxd4 8. Nxd4 exd4 9. Bxf7+ Kf8 10. 0-0 Bxc3 11. Nxc3 dxc3 12. e5 Qe7 13. Bh5 g6 14. exd6 cxd6 15. Bf3 Qc7 16. Bf4 Ne7 17. Bh6+ Ke8 18. Rfe1 Rb8 19. Bg5 Qc5 20. Rxe7+ Kf8 21. Qf7# 1-0